• 首页
  • 本馆介绍
  • 公告通知
  • 最新文献
  • 馆藏检索
  • 电子资源
  • 读者导购
  • 参考咨询
  • 我的图书馆
  • 登录
  • 详细信息显示
  • 放入我的书架
  • 预约/预借图书
  • 作者相关作品
  • 分类相关作品
  • 丛书相关作品
  • 出版社相关作品

书目信息

  • 表格格式
  • 工作单格式
  • 卡片格式
题名:
“阴谋文艺”批判
    
 
作者: ;人民文学出版社编辑部 编
分册:  
出版信息: 北京   人民文学出版社  1978
页数: 273页
开本: 19cm
丛书名:
单 册:
中图分类: I200-53
科图分类:
主题词: 王、张、江、姚反党集团-文艺路线--批判--文集 , 文艺路线-王、张、江、姚反党集团--批判--文集
电子资源:
ISBN:
000 00766nam0 2200241 45
001 0178003477
005 20060802112102.39
010    @dCNY0.51
091    @aCN@b10019.2655
100    @a19950721d1978 em y0chiy0121 ea
101 0  @achi
102    @aCN@b110000
105    @ay z 000zy
200 12 @a“阴谋文艺”批判@Ayin mou wen yi pi pan@f人民文学出版社编辑部编
210    @a北京@c人民文学出版社@d1978
215    @a273页@d19cm
517 1  @a阴谋文艺批判@Ayin mou wen yi pi pan
606    @a王、张、江、姚反党集团-文艺路线@x批判@x文集
606    @a文艺路线-王、张、江、姚反党集团@x批判@x文集
690    @aI200-53@v3
711 02 @a人民文学出版社编辑部@Aren min wen xue chu ban she bian ji bu@4编
801  0 @aCN@bTSSF@c20060802
905    @a10447@dI200-53@e116
    
    “阴谋文艺”批判/人民文学出版社编辑部编.-北京:人民文学出版社,1978
    273页;19cm
    
    
    ISBN :CNY0.51
    
●
相关链接 在E读中查询图书 在五车中查询图书 在当当中查询图书 在豆瓣中查询图书


正题名:"阴谋文艺"批判     索取号:I200-53/116         预约/预借

序号 登录号 条形码 馆藏地/架位号 状态 备注
1 0443541   204435414   密集书库/ [索取号:I200-53/116] 在馆    
唐山师范学院图书馆 欢迎您!
大连网信软件有限公司© 版权所有